[Event "Lovfalds EMT 20th E"]
[Site "Ringsted"]
[Date "2006.09.16"]
[Round "3"]
[White "Neuks, Michael"]
[Black "Hansen, Svend"]
[Result "1-0"]
[WhiteElo "1080"]
[BlackElo "1303"]
[PlyCount "83"]
[EventDate "2006.09.15"]
[EventType "swiss"]
[EventRounds "5"]
[EventCountry "DEN"]
[SourceTitle "EXT 2023"]
[Source "ChessBase"]
[SourceDate "2022.10.05"]
[SourceVersion "1"]
[SourceVersionDate "2022.10.05"]
[SourceQuality "1"]

1. b4 e5 2. Bb2 d6 3. e3 Nf6 4. a3 b6 5. Qf3 c6 6. h3 Be7 7. Bc4 e4 8. Qe2 d5 9. Bb3 Nbd7 10. Nc3 Bd6 11. 0-0-0 a5 12. b5 Nc5 13. bxc6 Nxb3+ 14. cxb3 Qe7 15. Nb5 Ba6 16. a4 Bxb5 17. Qxb5 0-0 18. Ne2 Ba3 19. Nd4 Bxb2+ 20. Kxb2 Qc7 21. Rc1 Ne8 22. Qxd5 Nd6 23. Nb5 Nxb5 24. Qxb5 Rad8 25. Rc2 Rfe8 26. Rhc1 Re5 27. Qe2 Red5 28. f3 exf3 29. gxf3 Qd6 30. d4 Qc7 31. Qh2 Qe7 32. c7 Rc8 33. Qd2 Qf8 34. Rc6 Rd6 35. Rxd6 Qxd6 36. Qc3 Qh2+ 37. Rc2 Qxh3 38. e4 Qd7 39. d5 Qd6 40. Qc6 Qe5+ 41. Ka2 Qe8 42. Qxe8+ 1-0

[Event "Lovfalds EMT 19th E"]
[Site "Ringsted"]
[Date "2005.09.16"]
[Round "1"]
[White "Trust, Anders"]
[Black "Neuks, Michael"]
[Result "0-1"]
[WhiteElo "1000"]
[BlackElo "1200"]
[PlyCount "76"]
[EventDate "2005.09.16"]
[EventType "tourn"]
[EventRounds "5"]
[EventCountry "DEN"]
[SourceTitle "EXT 2023"]
[Source "ChessBase"]
[SourceDate "2022.10.05"]
[SourceVersion "1"]
[SourceVersionDate "2022.10.05"]
[SourceQuality "1"]

1. e4 e5 2. Bc4 d6 3. Qf3 Qf6 4. Bb5+ c6 5. Bc4 Qxf3 6. Nxf3 h6 7. 0-0 Nf6 8. Nc3 a5 9. Na4 Nbd7 10. d3 b5 11. Bb3 bxa4 12. Bxa4 Bb7 13. a3 Be7 14. b4 axb4 15. axb4 Nb6 16. Bb2 Nxa4 17. Bc1 0-0 18. Nd2 Nc3 19. Bb2 Ne2+ 20. Kh1 Nd4 21. Rxa8 Rxa8 22. Nc4 Nxc2 23. Nb6 Ra2 24. Nc4 Nxb4 25. Rd1 Ba6 26. Rd2 Bxc4 27. Rd1 Nxd3 28. Rf1 Rxb2 29. h3 Nxe4 30. f3 Ng3+ 31. Kg1 Nxf1 32. Kxf1 d5 33. Kg1 Nf4 34. Kh1 Nxg2 35. Kh2 e4 36. fxe4 dxe4 37. h4 Nxh4+ 38. Kh1 e3 0-1